| 000 | | | 03852cam0a2200265#x 450 |
| 001 | | | 31bf7704-f23b-411d-878e-fb7b7f64f36c |
| 005 | | | 20221223102023.0 |
| 100 | ## | $a | 20221222j19420720k###0rusy50 ca |
| 101 | 0# | $a | rus |
| 102 | ## | $a | RU |
| 105 | ## | $a | y###z######## |
| 122 | 0# | $a | d19420720## |
| 200 | 1# | $a | Докладная записка Г. Ф. Александрова А. А. Андрееву, Г. М. Маленкову, А. С. Щербакову и В. М. Молотову об образовании Чрезвычайной государственной комиссии по расследованию зверств и других преступлений, совершаемых германской армией |
| | $j | 20 июля 1942 г. |
| 251 | ## | $c | Документ |
| 300 | ## | $a | Подлинник |
| 461 | #0 | $1 | 2001 |
| | $a | Ф. 17 |
| | $1 | 251 |
| | $c | Фонд |
| | $1 | 852 |
| | $j | 17 |
| 462 | #0 | $1 | 2001 |
| | $a | Оп. 125 |
| | $1 | 251 |
| | $c | Опись |
| | $1 | 852 |
| | $j | 125 |
| 462 | #0 | $1 | 2001 |
| | $a | Д. 79 |
| | $v | Л. 9-11 |
| | $1 | 251 |
| | $c | Дело |
| | $1 | 852 |
| | $j | 79 |
| 605 | ## | $2 | prlib_sh |
| | $3 | LIBNET\UAF\0000088514 |
| | $a | Вторая мировая война в архивных документах (Комплекс оцифрованных архивных документов, кино- и фотоматериалов) |
| | $l | коллекция |
| 686 | ## | $a | 63.3(2)622,11ю11 |
| | $v | LBC/M |
| | $2 | rubbk |
| 801 | #0 | $a | RU |
| | $b | ПБ им. Б.Н. Ельцина |
| | $c | 20221222 |
| 801 | #1 | $a | RU |
| | $b | ПБ им. Б.Н. Ельцина |
| | $c | 20221222 |
| | $2 | rusmarc |
| 801 | #2 | $a | RU |
| | $b | ПБ им. Б.Н. Ельцина |
| | $c | 20221223 |
| | $2 | rusmarc |
| 850 | ## | $a | Российский государственный архив социально-политической истории |
| 852 | ## | $a | РГАСПИ |
| | $j | Л. 9-11 |
| 035 | ## | $a | LIBNET\0001298794 |
| 937 | ## | $d | 181683100 |
| | $h | Федеральное архивное агентство |
| 856 | 4# | $u | http://readingroom.main.prlib.ru/item.aspx?id_node=n181683100&mode=full |